00350nam a2200133Ia 4500003000400000005001700004008004100021040001800062082001900080100002300099245004300122260004200165300000900207OSt20200606120050.0190216s9999||||xx |||||||||||||| ||und|| cMESKC library a891.431bAGR/P aAgrawal, Kedarnath 0aPankh Aur Pathvar /cKedarnath Agrawal bParimal Prakashan,aAllahabad:c2000. a198p